5 majeur des demi-finalistes de l'Euro Basket 2025. - Statistiques

Statistiques générales
  • Ce quiz a été pris 23 fois
  • Le résultat moyen est 8 sur 20
Statistiques - réponses
Pays Postes Joueurs % Correct
Allemagne Meneur Dennis Schroder
90%
Allemagne Ailier Fort Franz Wagner
90%
Grèce Ailier Fort Giannis Antetokounmpo
90%
Turquie Pivot Alperen Sengun
85%
Allemagne Pivot Daniel Theis
70%
Finlande Ailier Fort Lauri Markkanen
60%
Turquie Ailier Cedi Osman
50%
Allemagne Arrière Andreas Obst
40%
Allemagne Ailier Isaac Bonga
40%
Turquie Meneur Shane Larkin
40%
Grèce Arrière Tyler Dorsey
35%
Turquie Ailier Fort Ercan Osmani
25%
Grèce Meneur Konstantinos Sloukas
20%
Finlande Pivot Mikael Jantunen
20%
Turquie Arrière Sehmus Hazer
15%
Grèce Ailier Kostas Papanikolaou
10%
Grèce Pivot Dinos Mitoglou
5%
Finlande Arrière Elias Valtonen
5%
Finlande Meneur Miro Little
5%
Finlande Ailier Jacob Grandison
0%
Aucun quiz correspondant
Distribution des résultats
% des personnes avec chaque résultat
Percentile par nombre de réponses
Votre historique - résultats
Vous n’avez pas pris ce quiz